000 00233nam a22001097a 4500
041 _aENG
245 _aAgricultural Tractors -TEst Code
260 _aNew Delhi
_bBIS
_c1998
300 _a16
650 _aBIS Code
856 _uBIS Code
999 _c2075
_d2075